[Event "Mlada Boleslav Region-ch U20"]
[Site "Mlada Boleslav"]
[Date "2013.06.22"]
[Round "1"]
[White "Janousek, Jakub"]
[Black "Tajovska, Martina"]
[Result "0-1"]
[WhiteElo "1100"]
[BlackElo "1499"]
[PlyCount "56"]
[EventDate "2013.06.22"]
[EventType "swiss"]
[EventRounds "7"]
[EventCountry "CZE"]
[SourceTitle "EXT 2015"]
[Source "ChessBase"]
[SourceDate "2014.11.20"]
[SourceVersion "1"]
[SourceVersionDate "2014.11.20"]
[SourceQuality "1"]

1. e4 e5 2. Nf3 Nc6 3. Bc4 Bc5 4. d3 d6 5. h3 Be6 6. Bxe6 fxe6 7. Bg5 Nge7 8. Nbd2 0-0 9. c3 Bb6 10. 0-0 h6 11. Bh4 Qe8 12. Nc4 Ng6 13. Nxb6 axb6 14. a3 Nxh4 15. Nxh4 Rf4 16. g3 Rf6 17. Qb3 Qf7 18. Kg2 Rf8 19. Qc2 Ne7 20. Kg1 Ng6 21. Nxg6 Qxg6 22. Qe2 Rf3 23. h4 Qg4 24. Kg2 g5 25. Qd2 gxh4 26. Rg1 Rxf2+ 27. Qxf2 Rxf2+ 28. Kh1 Qh3# 0-1